|
|
|
|
| LEADER |
00000nam0a2200000 4500 |
| 001 |
263590 |
| 005 |
20231101233743.0 |
| 010 |
|
|
|a 5339000192
|
| 035 |
|
|
|a (RuTPU)RU\TPU\book\286578
|
| 090 |
|
|
|a 263590
|
| 100 |
|
|
|a 20140610d1988 m y0rusy50 ca
|
| 101 |
0 |
|
|a rus
|
| 102 |
|
|
|a BY
|
| 105 |
|
|
|a a j 001zy
|
| 200 |
1 |
|
|a Проектирование радиотехнических систем
|e учебное пособие
|f А. Ф. Апорович
|
| 210 |
|
|
|a Минск
|c Вышэйшая школа
|d 1988
|
| 215 |
|
|
|a 221 с.
|c ил.
|
| 320 |
|
|
|a Библиогр.: с. 214-215.
|
| 320 |
|
|
|a Предметный указатель: с. 216-217.
|
| 606 |
1 |
|
|a Радиотехнические системы
|x проектирование
|2 stltpush
|3 (RuTPU)RU\TPU\subj\23235
|9 47866
|
| 610 |
1 |
|
|a радиосигналы
|
| 610 |
1 |
|
|a радиопомехи
|
| 610 |
1 |
|
|a разделение
|
| 610 |
1 |
|
|a помехоустойчивость
|
| 610 |
1 |
|
|a помехозащищенность
|
| 610 |
1 |
|
|a электромагнитная совместимость
|
| 610 |
1 |
|
|a оптимизация
|
| 610 |
1 |
|
|a адаптация
|
| 610 |
1 |
|
|a радиолокационные системы
|
| 610 |
1 |
|
|a учебные пособия
|
| 675 |
|
|
|a 621.37-027.21(075.8)
|v 3
|
| 700 |
|
1 |
|a Апорович
|b А. Ф.
|g Андрей Федорович
|
| 801 |
|
1 |
|a RU
|b 63413507
|c 20140610
|
| 801 |
|
2 |
|a RU
|b 63413507
|c 20150402
|g RCR
|
| 942 |
|
|
|c BK
|